<?xml version="1.0" encoding="UTF-8"?><?xml-stylesheet type="text/xsl" href="static/style.xsl"?><OAI-PMH xmlns="http://www.openarchives.org/OAI/2.0/" xmlns:xsi="http://www.w3.org/2001/XMLSchema-instance" xsi:schemaLocation="http://www.openarchives.org/OAI/2.0/ http://www.openarchives.org/OAI/2.0/OAI-PMH.xsd"><responseDate>2026-06-03T08:20:09Z</responseDate><request verb="GetRecord" identifier="oai:riuma.uma.es:10630/23231" metadataPrefix="marc">https://riuma.uma.es/rest/oai/request</request><GetRecord><record><header><identifier>oai:riuma.uma.es:10630/23231</identifier><datestamp>2026-02-03T11:55:38Z</datestamp><setSpec>com_10630_2254</setSpec><setSpec>col_10630_37959</setSpec></header><metadata><record xmlns="http://www.loc.gov/MARC21/slim" xmlns:dcterms="http://purl.org/dc/terms/" xmlns:doc="http://www.lyncode.com/xoai" xmlns:xsi="http://www.w3.org/2001/XMLSchema-instance" xsi:schemaLocation="http://www.loc.gov/MARC21/slim http://www.loc.gov/standards/marcxml/schema/MARC21slim.xsd">
   <leader>00925njm 22002777a 4500</leader>
   <datafield ind2=" " ind1=" " tag="042">
      <subfield code="a">dc</subfield>
   </datafield>
   <datafield ind2=" " ind1=" " tag="720">
      <subfield code="a">Estébanez-Campos, María Belén</subfield>
      <subfield code="e">author</subfield>
   </datafield>
   <datafield ind2=" " ind1=" " tag="720">
      <subfield code="a">Espejo-Reina, Alejandro</subfield>
      <subfield code="e">author</subfield>
   </datafield>
   <datafield ind2=" " ind1=" " tag="720">
      <subfield code="a">Peña Trabalón, Alejandro</subfield>
      <subfield code="e">author</subfield>
   </datafield>
   <datafield ind2=" " ind1=" " tag="720">
      <subfield code="a">Moreno Vegas, Salvador</subfield>
      <subfield code="e">author</subfield>
   </datafield>
   <datafield ind2=" " ind1=" " tag="720">
      <subfield code="a">Nadal-Martínez, Fernando</subfield>
      <subfield code="e">author</subfield>
   </datafield>
   <datafield ind2=" " ind1=" " tag="720">
      <subfield code="a">Pérez-de-la-Blanca-Cobos, Ana María</subfield>
      <subfield code="e">author</subfield>
   </datafield>
   <datafield ind2=" " ind1=" " tag="720">
      <subfield code="a">Prado-Novoa, María</subfield>
      <subfield code="e">author</subfield>
   </datafield>
   <datafield ind2=" " ind1=" " tag="260">
      <subfield code="c">2021-10-25</subfield>
   </datafield>
   <datafield ind2=" " ind1=" " tag="520">
      <subfield code="a">Los meniscos son estructuras fibrocartilaginosas gue aumentan la congruencia entre los dos cartílagos articulares, de manera que la transmisión de la carga se produce en una zona de contacto más amplia y el nivel de presiones en las superficies se reduce. Los meniscos se anclan directamente al hueso de la tibia mediante cuatro raíces, junto con otras uniones ligamentosas que tienen una contribución menor. Estas raíces son los principales restrictores de la extrusión meniscal pero, al mismo tiempo, deben permitir cierta movilidad para adaptar la posición del menisco durante la movilidad de la rodilla. Cuando se produce una avulsión de las raíces meniscales se recurre a su reinserción en intervenciones quirúrgicas que implican el suturado en la zona del cuerno meniscal que, por tanto, debe ser horadado para el paso de la sutura. A partir de los resultados y las conclusiones obtenidas en los trabajos previos del Laboratorio de Biomecánica Clínica de Andalucía, se propone profundizar en la caracterización del tejido de la raíz meniscal del conjunto menisco-sutura y obtener un modelo de su comportamiento que permita analizar la respuesta del tejido en esa zona ante diferentes materiales, cargas o posiciones del punto de inserción. Se presenta en este trabajo el algoritmo desarrollado para la definición de un modelo de material en el cuerno meniscal suturado, adjuntando resultados iniciales de su aplicación.</subfield>
   </datafield>
   <datafield ind1="8" ind2=" " tag="024">
      <subfield code="a">https://hdl.handle.net/10630/23231</subfield>
   </datafield>
   <datafield tag="653" ind2=" " ind1=" ">
      <subfield code="a">BIomecánica</subfield>
   </datafield>
   <datafield ind2="0" ind1="0" tag="245">
      <subfield code="a">Estudio preliminar para la caracterización del tejido de la raíz meniscal humana reparada con sutura transtibial</subfield>
   </datafield>
</record>
</metadata></record></GetRecord></OAI-PMH>